000 02514nam a22005177a 4500
003 CHAP
005 20220329134514.0
008 971013s1983 r 00010 d
010 _a21329
011 _a22301
035 _a26395
040 _cCHAP
082 _a581.134
_bB6Y
100 0 0 _aBormann, F. Herbert
_eed.
_913902
245 _aEdad y tasa de crecimiento de los árboles tropicales ;nuevos enfoques para la investigación
_b: eventos del taller sobre la determinación de la edad...
260 _aMéxico, D. F. :
_bCECSA,
_c1983
300 _a143 p.
_b: ilus.
590 _aBATCH-UPD
_b10
_c20130110
_lUCH01
_h1217
590 _aBATCH-UPD
_b10
_c20130410
_lUCH01
_h0753
590 _aBATCH-UPD
_b10
_c20130914
_lUCH01
_h1649
590 _aCONVERSION
_b10
_c20130109
_lUCH01
_h1313
650 1 4 _aÁrboles tropicales.
_982448
650 1 4 _aÁrboles
_xCrecimiento.
_96583
650 1 4 _aÁrboles
_xEdad.
_96593
700 0 _aBerlyn, Graene.
_911834
710 0 _aInstituto Nacional de Investigaciones sobre Recursos Bióticos. México.
_959363
901 _aBK
942 _cLIBRO
949 _a581.134 B6Y
_bBC
_cLIBRO
_d33724000546156
_eLIBRO
_fc.2
_h64273
_i26395
_si
949 _a581.134 B6Y
_bBC
_cLIBRO
_d33724000546164
_eLIBRO
_fc.4
_h64892
_i26395
_si
949 _a581.134 B6Y
_bBC
_cLIBRO
_d33724000546214
_eLIBRO
_fc.6
_h64894
_i26395
_si
949 _a581.134 B6Y
_bBC
_cLIBRO
_d33724000546222
_eLIBRO
_fc.3
_h64891
_i26395
_si
949 _a581.134 B6Y
_bBC
_cLIBRO
_d33724000546230
_eLIBRO
_fc.9
_h69068
_i26395
_si
949 _a581.134 B6Y
_bBC
_cLIBRO
_d33724000546248
_eLIBRO
_fc.17
_h77308
_i26395
_si
949 _a581.134 B6Y
_bBC
_cLIBRO
_d33724000546255
_eLIBRO
_fc.11
_h69070
_i26395
_si
949 _a581.134 B6Y
_bBC
_cLIBRO
_d33724000546263
_eLIBRO
_h63160
_i26395
_si
949 _a581.134 B6Y
_bBC
_cLIBRO
_d33724000546271
_eLIBRO
_fc.7
_h69066
_i26395
_si
949 _a581.134 B6Y
_bBC
_cLIBRO
_d33724000546289
_eLIBRO
_fc.12
_h69071
_i26395
_si
949 _a581.134 B6Y
_bBC
_cLIBRO
_d33724000546297
_eLIBRO
_fc.13
_h69072
_i26395
_si
949 _a581.134 B6Y
_bBC
_cLIBRO
_d33724000546305
_eLIBRO
_fc.14
_h69073
_i26395
_si
949 _a581.134 B6Y
_bBC
_cLIBRO
_d33724000546313
_eLIBRO
_fc.8
_h69067
_i26395
_si
949 _a581.134 B6Y
_bBC
_cLIBRO
_d33724000546321
_eLIBRO
_fc.5
_h64893
_i26395
_si
949 _a581.134 B6Y
_bBC
_cLIBRO
_d33724000546339
_eLIBRO
_fc.16
_h77307
_i26395
_si
949 _a581.134 B6Y
_bBC
_cLIBRO
_d33724000546347
_eLIBRO
_fc.10
_h69069
_i26395
_si
949 _a581.134 B6Y
_bBC
_cLIBRO
_d33724000546354
_eLIBRO
_fc.15
_h69074
_i26395
_si
999 _c21329
_d21329